[Event "Ì13Ï"]
[Site "Loo"]
[Date "2017.04.26"]
[Round "7.1"]
[White "Ãàáèòîâ, Áóëàò."]
[Black "Ìàêèíÿí, Ðóáåí."]
[Result "1-0"]
[WhiteElo "1790"]
[BlackElo "1713"]
[PlyCount "117"]
[EventDate "2017.04.20"]

1. d4 e6 2. c4 b6 3. e4 Bb7 4. Bd3 f5 5. exf5 Bb4+ 6. Bd2 Bxd2+ 7. Nxd2 Bxg2 8.
Qh5+ Kf8 9. fxe6 dxe6 10. O-O-O Nf6 11. Qg5 Bxh1 12. Nh3 Bc6 13. Nf4 Bd7 14.
Rg1 Qe7 15. Bxh7 Rxh7 16. Ng6+ Kf7 17. Nxe7 Kxe7 18. Ne4 Nc6 19. d5 Nd4 20. Rd1
Nf5 21. dxe6 Bxe6 22. Qf4 Rc8 23. Ng5 Rh5 24. Re1 Rxg5 25. Qxg5 Kf7 26. Rg1 Re8
27. Qg6+ Kf8 28. Rg5 Rd8 29. Rxf5 Bxf5 30. Qxf5 Rd4 31. b3 Kf7 32. Qe5 Rd7 33.
h4 Re7 34. Qf4 c5 35. h5 Re4 36. Qf5 Rh4 37. Qg6+ Kf8 38. Qg3 Rxh5 39. Qb8+ Ne8
40. Qxa7 Rh6 41. a4 Rf6 42. a5 bxa5 43. Qxc5+ Kf7 44. Qxa5 Kg8 45. Qd5+ Kf8 46.
f3 Rd6 47. Qe5 Rf6 48. f4 Kf7 49. Qd5+ Kf8 50. c5 Rxf4 51. c6 Rf7 52. b4 g6 53.
b5 Rf5 54. Qxf5+ gxf5 55. b6 Ke7 56. b7 Kd6 57. b8=Q+ Nc7 58. Qf8+ Kxc6 59.
Qxf5 1-0

[Event "Ì13Ï"]
[Site "Loo"]
[Date "2017.04.26"]
[Round "7.2"]
[White "Øêóðàòîâ, Âëàäèìèð."]
[Black "Ðÿáîâ, Ãåîðãèé."]
[Result "1-0"]
[WhiteElo "1739"]
[BlackElo "1700"]
[PlyCount "129"]
[EventDate "2017.04.20"]

1. e4 c5 2. Nf3 e6 3. d4 cxd4 4. Nxd4 a6 5. Bd3 d6 6. O-O Nd7 7. Qe2 g6 8. c4
Bg7 9. Nf3 Ngf6 10. Nc3 O-O 11. Rd1 Qc7 12. Bf4 Ne5 13. Rac1 Nxf3+ 14. Qxf3 e5
15. Bg5 Bg4 16. Nd5 Nxd5 17. Qxg4 h5 18. Qe2 Nf4 19. Qf3 Rac8 20. b3 Ne6 21.
Be3 Nd4 22. Bxd4 exd4 23. b4 a5 24. a3 b6 25. Qg3 Rfd8 26. Rc2 axb4 27. axb4
Ra8 28. f4 Ra3 29. f5 Re8 30. fxg6 Rxe4 31. gxf7+ Qxf7 32. Bxe4 Rxg3 33. Bd5
Qxd5 34. cxd5 Rg5 35. Rc6 Rxd5 36. Rxb6 d3 37. Rb8+ Kh7 38. Kf2 d2 39. Ke2 Bc3
40. Rb7+ Kg6 41. b5 Ba5 42. b6 Rb5 43. Rxd2 Bxd2 44. Kxd2 h4 45. Rb8 Kg7 46.
Kc3 Kf7 47. b7 Kg7 48. Kc4 Rb2 49. Kd5 Rb3 50. Kc6 Rc3+ 51. Kd7 Rb3 52. Kxd6 h3
53. g3 Rb2 54. Rc8 Rxb7 55. Rc7+ Rxc7 56. Kxc7 Kg6 57. Kd6 Kf6 58. Kd5 Kf5 59.
Kd4 Kg5 60. Ke5 Kg4 61. Ke4 Kg5 62. Kf3 Kh5 63. Kf4 Kh6 64. Kg4 Kg6 65. Kxh3
1-0

[Event "Ì13Ï"]
[Site "Loo"]
[Date "2017.04.26"]
[Round "7.3"]
[White "Äóíàåâ, Äåíèñ."]
[Black "Ñîëîâüåâ, Âëàäèñëàâ."]
[Result "1/2-1/2"]
[WhiteElo "1562"]
[BlackElo "1730"]
[PlyCount "81"]
[EventDate "2017.04.20"]

1. d4 d5 2. Nf3 Nf6 3. c4 dxc4 4. e3 Bg4 5. Bxc4 e6 6. Nc3 Be7 7. O-O O-O 8.
Re1 c6 9. a4 Nbd7 10. Be2 c5 11. h3 cxd4 12. exd4 Bf5 13. d5 Nc5 14. Bc4 exd5
15. Nxd5 Nxd5 16. Bxd5 Nd3 17. Re2 Qxd5 18. Rxe7 Qc5 19. Re2 Rad8 20. Be3 Qb4
21. Qd2 a5 22. Qxb4 Nxb4 23. Bc5 Rfe8 24. Rxe8+ Rxe8 25. Bxb4 axb4 26. Rc1 g6
27. Rc4 b3 28. Rb4 Bc2 29. Rxb7 Re4 30. Nd2 Rxa4 31. Nxb3 Ra2 32. Nd4 Be4 33.
Rb8+ Kg7 34. f3 Bd3 35. b4 Rb2 36. Rb7 Kg8 37. Nc6 Rb1+ 38. Kf2 Rb2+ 39. Kg1
Rb1+ 40. Kf2 Rb2+ 41. Kg1 1/2-1/2

[Event "Ì13Ï"]
[Site "Loo"]
[Date "2017.04.26"]
[Round "7.4"]
[White "Êóçüìèí, Àðñåíèé."]
[Black "Ïðóöêîâ, Àëåêñåé."]
[Result "1-0"]
[WhiteElo "1877"]
[BlackElo "1727"]
[PlyCount "159"]
[EventDate "2017.04.20"]

1. e4 c5 2. Nf3 d6 3. d4 cxd4 4. Nxd4 Nf6 5. Nc3 a6 6. Bg5 e6 7. f4 Nbd7 8. Qf3
Qc7 9. O-O-O b5 10. a3 Bb7 11. g4 O-O-O 12. Bxf6 gxf6 13. f5 e5 14. Nde2 Nb6
15. Ng3 Kb8 16. Nd5 Bxd5 17. exd5 Rc8 18. c3 Nc4 19. Ne4 Bh6+ 20. Kb1 Qe7 21.
Bxc4 bxc4 22. h4 Bf4 23. Qf2 Qd8 24. Ka2 Ka8 25. Qc2 Be3 26. Qa4 Ka7 27. Rb1
Rg8 28. g5 fxg5 29. hxg5 Bxg5 30. Rxh7 Qc7 31. Rg1 Be3 32. Rg6 Rb8 33. Rxd6 Bb6
34. Rd7 Rg2 35. Rxc7+ Bxc7 36. Qb4 Rxb4 37. axb4 Re2 38. Nc5 e4 39. Rxf7 Kb6
40. Rf6+ Ka7 41. Rxa6+ Kb8 42. Re6 e3 43. Na6+ Kc8 44. Nxc7 Kxc7 45. Rc6+ Kd7
46. Rxc4 Rf2 47. Re4 Rxf5 48. Rxe3 Rxd5 49. c4 Rd4 50. Kb3 Kd6 51. Rh3 Rg4 52.
Rd3+ Kc6 53. Rd5 Rg3+ 54. Kc2 Rg2+ 55. Rd2 Rg3 56. Rd3 Rg2+ 57. Kc3 Rg4 58. b5+
Kb6 59. Kb4 Rg5 60. Rd5 Rg4 61. Rd6+ Kc7 62. Rc6+ Kb7 63. b3 Rh4 64. Rg6 Kc7
65. b6+ Kb7 66. Kb5 Rf4 67. Rg7+ Kb8 68. b4 Rh4 69. Ka6 Rh8 70. c5 Kc8 71. Ra7
Rh6 72. Ra8+ Kd7 73. Kb7 Rg6 74. b5 Rg7 75. c6+ Kd6+ 76. c7 Kc5 77. Ra1 Kxb5
78. Kb8 Rg6 79. c8=Q Rxb6+ 80. Ka8 1-0

[Event "Ì13Ï"]
[Site "Loo"]
[Date "2017.04.26"]
[Round "7.5"]
[White "Òðóõèí, Äìèòðèé."]
[Black "Äåðåâùèêîâ, Íèêèòà."]
[Result "1-0"]
[WhiteElo "1773"]
[BlackElo "1523"]
[PlyCount "121"]
[EventDate "2017.04.20"]

1. d4 g6 2. c4 d6 3. Nc3 Bg7 4. e4 e5 5. Nf3 Bg4 6. d5 Ne7 7. Be2 O-O 8. O-O
Nd7 9. Ne1 Bxe2 10. Qxe2 f5 11. f3 f4 12. Nd3 g5 13. Bd2 Ng6 14. b4 h5 15. c5
Nf6 16. Nf2 Rf7 17. Rac1 Bf8 18. Nb5 Rg7 19. Rc2 a6 20. Na3 Nh8 21. h3 Nf7 22.
cxd6 cxd6 23. b5 Nh6 24. bxa6 bxa6 25. g4 fxg3 26. Nd3 Nf7 27. Be1 h4 28. Nc4
Nh5 29. Kg2 Nf4+ 30. Nxf4 gxf4 31. Ba5 Qe8 32. Rb1 Ng5 33. Rh1 Rc8 34. Rb2 Rb8
35. Nb6 Qg6 36. Rc2 Rbb7 37. Rc6 Rgf7 38. Rc4 Qh5 39. Rc3 Rbc7 40. Nc4 Rc8 41.
Nd2 Rxc3 42. Bxc3 Rc7 43. Qd3 Qe8 44. Ba5 Rc5 45. Nb3 Rb5 46. Qc3 Rb8 47. Qc6
Qh5 48. Rf1 Nxe4 49. Qxa6 Nf6 50. Qd3 Rc8 51. Bd2 Be7 52. a4 Ra8 53. a5 Qh7 54.
Qb5 Qf7 55. Qb7 Qe8 56. Rb1 Rb8 57. Qc6 Kf8 58. a6 Qxc6 59. dxc6 Nd5 60. Ra1
Rxb3 61. a7 1-0

[Event "Ì13Ï"]
[Site "Loo"]
[Date "2017.04.26"]
[Round "7.6"]
[White "Øâåòêî, Ðîìàí."]
[Black "Ñàáèðîâ, Òèìóð."]
[Result "0-1"]
[WhiteElo "1614"]
[BlackElo "1757"]
[PlyCount "112"]
[EventDate "2017.04.20"]

1. d4 Nf6 2. c4 c5 3. e3 b6 4. Nc3 Bb7 5. Nf3 d6 6. d5 g6 7. Be2 Bg7 8. O-O O-O
9. e4 Nfd7 10. Qc2 Na6 11. Be3 Nc7 12. Qd2 a6 13. Bh6 Re8 14. Bxg7 Kxg7 15. h3
Nf8 16. Qf4 e6 17. Qg3 exd5 18. exd5 Qd7 19. a4 b5 20. axb5 axb5 21. cxb5 Nxd5
22. Bc4 Nxc3 23. bxc3 d5 24. Rad1 Ra4 25. Bb3 Rae4 26. c4 d4 27. Bc2 R4e7 28.
Bd3 Be4 29. Ng5 Bxd3 30. Qxd3 f6 31. Nf3 Ne6 32. Qd2 Nd8 33. Rfe1 Nf7 34. Rxe7
Rxe7 35. Re1 Ne5 36. Nxe5 fxe5 37. Qg5 h6 38. Qd2 e4 39. f3 e3 40. Qd3 Qd6 41.
Re2 Ra7 42. Re1 Ra2 43. Qe4 Ra7 44. Qd3 Qg3 45. Qe2 Re7 46. Rd1 Qc7 47. Ra1 Qb8
48. Kh1 Kh7 49. Ra6 Qg8 50. Ra1 Qg7 51. Kh2 d3 52. Qa2 d2 53. Rb1 Qe5+ 54. g3
Qd4 55. Qc2 e2 56. h4 e1=Q 0-1

[Event "Ì13Ï"]
[Site "Loo"]
[Date "2017.04.26"]
[Round "7.7"]
[White "Ïåòðóøèí, Äìèòðèé."]
[Black "Ìåëüíèêîâ, Âÿ÷åñëàâ."]
[Result "1/2-1/2"]
[WhiteElo "1721"]
[BlackElo "1637"]
[PlyCount "84"]
[EventDate "2017.04.20"]

1. e4 c6 2. d4 d5 3. Nc3 dxe4 4. Nxe4 Nd7 5. Nf3 Ngf6 6. Bd3 Nxe4 7. Bxe4 Nf6
8. Bd3 Bg4 9. c3 e6 10. h3 Bxf3 11. Qxf3 Qc7 12. Bd2 Bd6 13. O-O-O O-O-O 14.
Kb1 h6 15. Bc1 c5 16. dxc5 Bxc5 17. Rhe1 Qb6 18. Re2 Rd7 19. Red2 Rhd8 20. Bc2
Rxd2 21. Rxd2 Rxd2 22. Bxd2 Bxf2 23. Bxh6 gxh6 24. Qxf6 Bh4 25. Qf1 Qc5 26. a3
Qc7 27. Ka2 a6 28. Bb3 Kd8 29. Qg1 Ke7 30. Qd1 Qf4 31. Qe2 Bf6 32. Bd5 Qc7 33.
Qe4 b6 34. Bc6 a5 35. Bb5 Bg5 36. Qa8 Qd8 37. Qb7+ Kf6 38. Bc4 Bf4 39. Qe4 Qd6
40. Bb3 Bg3 41. Qf3+ Qf4 42. Qd3 Qd6 1/2-1/2

[Event "Ì13Ï"]
[Site "Loo"]
[Date "2017.04.26"]
[Round "7.8"]
[White "Íàäðøèí, Òèìóð."]
[Black "Ãåðàñèìîâ, Âàäèì."]
[Result "1-0"]
[WhiteElo "1605"]
[BlackElo "1717"]
[PlyCount "85"]
[EventDate "2017.04.20"]

1. d4 d5 2. Bf4 Nf6 3. e3 Bf5 4. Nf3 e6 5. c4 c6 6. Qb3 Qc8 7. c5 Be7 8. Nc3
O-O 9. Be2 h6 10. h3 Nbd7 11. Rc1 Ne4 12. Qa4 f6 13. b4 e5 14. Bh2 a6 15. O-O
Qe8 16. Qb3 Kh8 17. Nxe4 Bxe4 18. dxe5 fxe5 19. Nxe5 Nxe5 20. Bxe5 Qg6 21. f3
Bf5 22. Kh2 Rae8 23. g4 Bd7 24. Bd3 Qe6 25. f4 Bd8 26. Qc2 Bf6 27. Bf5 Qg8 28.
Bxd7 Re7 29. Bf5 Rfe8 30. Bg6 Rf8 31. Bd6 Rxe3 32. Bxf8 Qxf8 33. Rce1 Qe7 34.
Rxe3 Qxe3 35. Qf2 Bd4 36. Qxe3 Bxe3 37. Kg3 Bd2 38. Rf3 d4 39. Rd3 Bc3 40. Kf3
Kg8 41. Ke4 Kf8 42. Rxd4 Bxd4 43. Kxd4 1-0

[Event "Ì13Ï"]
[Site "Loo"]
[Date "2017.04.26"]
[Round "7.9"]
[White "Ìèõååâ, Àëåêñàíäð."]
[Black "Âàñèëü÷åíêî, Âàäèì."]
[Result "1/2-1/2"]
[WhiteElo "1500"]
[BlackElo "1654"]
[PlyCount "143"]
[EventDate "2017.04.20"]

1. d4 d5 2. Nf3 c6 3. g3 Nf6 4. Bg2 g6 5. O-O Bg7 6. c4 dxc4 7. Ne5 Be6 8. Na3
O-O 9. Naxc4 Nbd7 10. Qc2 Nxe5 11. dxe5 Nd5 12. e4 Nb6 13. Nxb6 Qxb6 14. Be3
Qc7 15. f4 Rad8 16. Rad1 b6 17. b4 b5 18. Rc1 Bc4 19. Rfd1 a5 20. Bc5 axb4 21.
Bxb4 Ra8 22. a3 c5 23. Be1 Rxa3 24. Bf1 Bxf1 25. Kxf1 c4 26. Rd5 Ra4 27. Rxb5
Rfa8 28. Bb4 e6 29. Bd6 Qc6 30. Rc5 Qa6 31. Rxc4 Ra2 32. Qc3 Rxh2 33. Kg1 Qa2
34. Qf3 Rb2 35. Rc8+ Bf8 36. Rxa8 Qxa8 37. Qc3 Qa2 38. Qf3 Rb1 39. Rxb1 Qxb1+
40. Kh2 Qc2+ 41. Kh3 Qc8 42. Qd3 Qd8 43. Qa3 Bg7 44. Be7 Qe8 45. Qd6 Bf8 46.
Bxf8 Qxf8 47. Kg2 Qa8 48. Kf3 h5 49. Qe7 Qa5 50. Qf6 Qd2 51. f5 g5 52. g4 Qf4+
53. Ke2 Qxe4+ 54. Kd2 Qf4+ 55. Kc3 Qxg4 56. fxe6 fxe6 57. Qd8+ Kf7 58. Qf6+ Ke8
59. Qg6+ Kd7 60. Qd3+ Ke7 61. Qh7+ Kd8 62. Qd3+ Kc8 63. Qa6+ Kc7 64. Qd6+ Kb7
65. Qd7+ Ka6 66. Qc6+ Ka5 67. Qc5+ Ka4 68. Qc6+ Ka3 69. Qa6+ Qa4 70. Qxe6 Qa5+
71. Kd3 Qb5+ 72. Kc2 1/2-1/2

[Event "Ì13Ï"]
[Site "Loo"]
[Date "2017.04.26"]
[Round "7.10"]
[White "Ïîçäååâ, Àëåêñåé."]
[Black "Õàñàíîâ, Óðàë."]
[Result "1/2-1/2"]
[WhiteElo "1833"]
[BlackElo "1431"]
[PlyCount "189"]
[EventDate "2017.04.20"]

1. d4 d5 2. Nf3 Nf6 3. c4 e6 4. Nc3 Be7 5. Bg5 O-O 6. Qc2 c6 7. e3 Nbd7 8. cxd5
exd5 9. Bd3 h6 10. Bh4 b6 11. O-O Bb7 12. Rac1 Rc8 13. Bf5 Ra8 14. a3 Nh5 15.
Bg3 Nxg3 16. fxg3 Bd6 17. Rf2 Qe7 18. Rcf1 Nf6 19. Kh1 Bc8 20. Bxc8 Raxc8 21.
Qd3 Ne4 22. Re2 Nxc3 23. Qxc3 Rfe8 24. Nh4 Qe6 25. Ref2 Rc7 26. Nf5 Bf8 27. Rf3
g6 28. Nh4 Qe4 29. Re1 Bg7 30. Rf4 Qe6 31. Rff1 Qe4 32. Nf3 c5 33. Kg1 Ree7 34.
Qd2 c4 35. Qc3 Qd3 36. a4 a6 37. Kf2 Qxc3 38. bxc3 b5 39. a5 Rb7 40. Rb1 Re8
41. Rb2 Reb8 42. Rfb1 f6 43. Nd2 Bf8 44. e4 dxe4 45. Nxe4 Kf7 46. Nd2 Rc7 47.
Kf3 b4 48. Ne4 f5 49. Nf2 b3 50. Ra1 Bg7 51. Ke3 Re8+ 52. Kf3 Rb8 53. Ke3 Ke6
54. h4 Kd5 55. Kf3 Re8 56. Nh3 Rce7 57. Nf4+ Kd6 58. Re2 Bxd4 59. cxd4 c3 60.
Rb1 c2 61. Rxb3 c1=Q 62. Rb6+ Kd7 63. Rb7+ Kc8 64. Rbxe7 Rxe7 65. Rxe7 Qc3+ 66.
Re3 Qxd4 67. Re8+ Kb7 68. Re7+ Kc6 69. Re3 g5 70. hxg5 hxg5 71. Nd3 f4 72. gxf4
gxf4 73. Nxf4 Kb5 74. g4 Kxa5 75. g5 Qg7 76. g6 Kb4 77. Kg4 a5 78. Re7 Qg8 79.
g7 a4 80. Kg5 a3 81. Kg6 a2 82. Ra7 Kc3 83. Rxa2 Qxa2 84. Kh7 Qh2+ 85. Kg6 Qg3+
86. Kh7 Qh4+ 87. Kg6 Qg4+ 88. Kh7 Qf5+ 89. Kh8 Qe5 90. Kh7 Qe4+ 91. Kh8 Qh1+
92. Kg8 Kd4 93. Kf7 Qh7 94. Ng6 Kd5 95. Kf8 1/2-1/2

[Event "Ì13Ï"]
[Site "Loo"]
[Date "2017.04.26"]
[Round "7.11"]
[White "Ôèëàòîâ, Ãåîðãèé."]
[Black "Ñèäîðîâ, Åãîð."]
[Result "1-0"]
[WhiteElo "1793"]
[BlackElo "1662"]
[PlyCount "95"]
[EventDate "2017.04.20"]

1. d4 Nf6 2. g3 g6 3. Bg2 Bg7 4. e4 d6 5. Ne2 O-O 6. O-O Nbd7 7. Nbc3 c5 8. h3
cxd4 9. Nxd4 Ne5 10. Qe2 Bd7 11. Be3 Rc8 12. Rab1 Nc4 13. Bc1 Qb6 14. Rd1 e6
15. b3 Na5 16. Bb2 Nh5 17. Qd3 Nc6 18. Na4 Qa5 19. Bc3 Qd8 20. Nxc6 Rxc6 21.
Bxg7 Nxg7 22. e5 d5 23. c4 Qg5 24. cxd5 exd5 25. Bxd5 Rc7 26. f4 Qe7 27. Bg2
Bf5 28. Be4 Bxh3 29. Qd6 Nh5 30. Qxe7 Rxe7 31. Kf2 f6 32. Bd5+ Kg7 33. exf6+
Nxf6 34. Bf3 Rfe8 35. Rbc1 Bg4 36. Bxg4 Nxg4+ 37. Kf3 Nh2+ 38. Kg2 Re2+ 39. Kh3
R8e7 40. Nc3 Rf2 41. Nd5 Rd7 42. Ne3 Rf7 43. Rc2 Rxc2 44. Nxc2 Nf3 45. Kg2 Rc7
46. Ne3 Nh4+ 47. gxh4 Rc3 48. Kf2 1-0

[Event "Ì13Ï"]
[Site "Loo"]
[Date "2017.04.26"]
[Round "7.12"]
[White "Øîøèí, Êèðèëë."]
[Black "Êóçíåöîâ, Âàäèì."]
[Result "1-0"]
[WhiteElo "1729"]
[BlackElo "1628"]
[PlyCount "107"]
[EventDate "2017.04.20"]

1. e4 c5 2. c3 Nf6 3. e5 Nd5 4. d4 cxd4 5. Nf3 e6 6. cxd4 Nc6 7. Nc3 Nb6 8. Bd3
d6 9. exd6 Bxd6 10. O-O h6 11. a3 O-O 12. Bc2 Ne7 13. Qd3 Ng6 14. h4 f5 15. h5
Nf4 16. Bxf4 Bxf4 17. Rfe1 Qe8 18. Bb3 Qxh5 19. Bxe6+ Bxe6 20. Rxe6 Rad8 21. d5
Nd7 22. Re7 Bd6 23. Re2 Nc5 24. Qd1 Rfe8 25. Rxe8+ Rxe8 26. Nb5 Bf4 27. d6 Qf7
28. g3 Be5 29. Rc1 Nd7 30. Qd2 Qb3 31. Nfd4 Bxd4 32. Nxd4 Qd5 33. Qf4 Re4 34.
Qxf5 Qxf5 35. Nxf5 Kf7 36. Nxg7 Kxg7 37. Rc7 Re1+ 38. Kg2 Kf6 39. Rxd7 Rd1 40.
Rxb7 Rxd6 41. Rxa7 Rb6 42. b4 Ke5 43. Ra5+ Kd4 44. b5 Kc5 45. a4 Rb7 46. Ra6 h5
47. b6 Kc6 48. a5 Kb5 49. Ra7 Rb8 50. b7 h4 51. gxh4 Rg8+ 52. Kf1 Rb8 53. a6
Kb6 54. Ra8 1-0

[Event "Ì13Ï"]
[Site "Loo"]
[Date "2017.04.26"]
[Round "7.13"]
[White "Àðáóçîâ, Òèìîôåé."]
[Black "Êóïðèí, Àëåêñàíäð."]
[Result "1-0"]
[WhiteElo "1694"]
[BlackElo "1599"]
[PlyCount "41"]
[EventDate "2017.04.20"]

1. e4 e5 2. Bc4 Nf6 3. d3 h6 4. Nc3 Bc5 5. f4 d6 6. Nf3 O-O 7. f5 c6 8. Qe2 Re8
9. g4 d5 10. Bb3 Nxg4 11. Ng5 Nf2 12. Qh5 Nxd3+ 13. cxd3 hxg5 14. Bxg5 Qa5 15.
f6 g6 16. Qh6 Bf8 17. Qh4 Bb4 18. Bh6 Bxc3+ 19. Ke2 dxe4 20. Bg7 exd3+ 21. Kf1
1-0

[Event "Ì13Ï"]
[Site "Loo"]
[Date "2017.04.26"]
[Round "7.14"]
[White "Ñòåïàíîâ, Ïàâåë."]
[Black "Äðó÷åíêî, Ìèõàèë."]
[Result "1-0"]
[WhiteElo "1559"]
[BlackElo "1692"]
[PlyCount "115"]
[EventDate "2017.04.20"]

1. d4 f5 2. g3 Nf6 3. Bg2 g6 4. c4 Bg7 5. Nf3 O-O 6. O-O d6 7. Nc3 Qe8 8. d5 a5
9. Be3 Ng4 10. Bd4 Ne5 11. Bxe5 dxe5 12. e4 f4 13. Re1 Na6 14. a3 Bd7 15. Qc2
h6 16. h3 fxg3 17. fxg3 a4 18. Rad1 Nc5 19. Na2 Bxh3 20. Bxh3 Rxf3 21. Kg2 Rf6
22. Rf1 Raa6 23. Nb4 Rad6 24. Qe2 Rxf1 25. Rxf1 Bf6 26. Qe3 b6 27. Qxh6 Bg7 28.
Qe3 e6 29. Nc6 exd5 30. cxd5 Bf6 31. Bg4 Nd7 32. Be6+ Rxe6 33. dxe6 Qxe6 34.
Nb4 c6 35. Qc3 Nc5 36. Qf3 Nd7 37. Rd1 Nc5 38. Rf1 Nd7 39. Rc1 Nc5 40. Qe2 Be7
41. Qc4 Qxc4 42. Rxc4 b5 43. Rc2 Nxe4 44. Nxc6 Bf6 45. Re2 Nd6 46. Nxe5 Kg7 47.
Nd3 Nc4 48. Kf3 Kf7 49. Ke4 Ke6 50. Kf3+ Kf7 51. Kf4 Bg7 52. Ne5+ Nxe5 53. Rxe5
g5+ 54. Kf5 Bxe5 55. Kxe5 Kg6 56. g4 Kf7 57. Kf5 Ke7 58. Kxg5 1-0

[Event "Ì13Ï"]
[Site "Loo"]
[Date "2017.04.26"]
[Round "7.15"]
[White "Òàòàðèíöåâ, Ìèõàèë."]
[Black "Êîñòåíêî, Êèðèëë."]
[Result "1-0"]
[WhiteElo "1690"]
[BlackElo "1589"]
[PlyCount "61"]
[EventDate "2017.04.20"]

1. d4 d5 2. c4 c6 3. Nf3 Nf6 4. g3 Bf5 5. Bg2 e6 6. O-O Bd6 7. Nc3 Nbd7 8. Bg5
h6 9. Bxf6 Nxf6 10. c5 Bc7 11. b4 O-O 12. a4 Ne4 13. Nxe4 Bxe4 14. Nd2 Bxg2 15.
Kxg2 Qf6 16. e3 Rfc8 17. Rb1 b6 18. Qc2 a5 19. b5 cxb5 20. Rxb5 Qd8 21. Rc1
Rab8 22. Nf3 Bd6 23. c6 f6 24. Qb3 Kf7 25. Ne1 Bc7 26. e4 dxe4 27. d5 Qd6 28.
Rd1 e5 29. Nc2 Rd8 30. Ne3 Kf8 31. Nf5 1-0

[Event "Ì13Ï"]
[Site "Loo"]
[Date "2017.04.26"]
[Round "7.16"]
[White "Ñîèí, Íèêèòà."]
[Black "Áàøåâ, Ôåäîð."]
[Result "1-0"]
[WhiteElo "1491"]
[BlackElo "1679"]
[PlyCount "101"]
[EventDate "2017.04.20"]

1. e4 e6 2. d4 d5 3. e5 c5 4. c3 Qb6 5. Nf3 Nc6 6. a3 c4 7. Nbd2 Na5 8. Be2 Bd7
9. O-O Ne7 10. Qc2 h6 11. Re1 O-O-O 12. Rb1 Qc7 13. b4 cxb3 14. Qb2 Ba4 15. Bd1
Nc4 16. Qa1 Kb8 17. Bxb3 Bxb3 18. Rxb3 Na5 19. Rb1 Nc8 20. a4 g5 21. Ba3 Be7
22. Bxe7 Qxe7 23. Nb3 Nxb3 24. Rxb3 h5 25. Nd2 g4 26. c4 h4 27. Reb1 Rd7 28. c5
Rc7 29. Qb2 g3 30. fxg3 hxg3 31. h3 Qd7 32. Rb4 Ne7 33. Nb3 Nc6 34. Rb5 a6 35.
Rb6 Ka7 36. Qc3 Rg8 37. Na5 Nxa5 38. Qxa5 Rb8 39. Rd6 Qc8 40. Rbb6 Rc6 41.
Rdxc6 bxc6 42. Qb4 Ra8 43. a5 Qc7 44. Qb1 Rg8 45. Qf1 Qc8 46. Qxf7+ Ka8 47.
Rxa6+ Qxa6 48. Qxg8+ Ka7 49. Qf7+ Kb8 50. Qg8+ Ka7 51. Qxg3 {
äàëåå çàïèñü íåðàçáîð~~èâà} 1-0

[Event "Ì13Ï"]
[Site "Loo"]
[Date "2017.04.26"]
[Round "7.17"]
[White "Îãîðîäíèêîâ, Íèêîëàé."]
[Black "Æàâîðîíêîâ, Àëåêñàíäð."]
[Result "1-0"]
[WhiteElo "1672"]
[BlackElo "1572"]
[PlyCount "107"]
[EventDate "2017.04.20"]

1. c4 Nf6 2. g3 g6 3. Bg2 Bg7 4. Nc3 O-O 5. e3 d6 6. Nge2 Nbd7 7. O-O e5 8. Rb1
Nc5 9. b4 Ne6 10. d4 exd4 11. exd4 Re8 12. h3 Nf8 13. Be3 Rb8 14. a4 Bf5 15.
Rb2 Ne4 16. g4 Nxc3 17. Nxc3 Bd7 18. Qd2 f5 19. Bd5+ Kh8 20. Bf7 fxg4 21. Bxe8
Qxe8 22. hxg4 Bxg4 23. f3 Bd7 24. b5 Qe6 25. Qd3 Re8 26. Ne4 c6 27. bxc6 bxc6
28. d5 Qe5 29. Rh2 c5 30. Qd2 Bxa4 31. Bf4 Qd4+ 32. Qxd4 Bxd4+ 33. Kh1 Nd7 34.
Nxd6 Rf8 35. Bh6 Rb8 36. Re2 Be5 37. Nf7+ Kg8 38. Nxe5 Nxe5 39. Rxe5 Rb4 40.
Re4 Bc2 41. Rf4 Bf5 42. d6 Rb7 43. Rd1 Rd7 44. Rd5 a5 45. Rxc5 a4 46. Rc8+ Kf7
47. Rc7 Ke6 48. Rxd7 Kxd7 49. c5 a3 50. Bg7 Kc6 51. Kh2 Be6 52. Ra4 a2 53. Bd4
Bd7 54. Rxa2 1-0

[Event "Ì13Ï"]
[Site "Loo"]
[Date "2017.04.26"]
[Round "7.18"]
[White "Íèêîëàåâ, Ìàòâåé."]
[Black "Øàëèìî, Åâãåíèé."]
[Result "1-0"]
[WhiteElo "1664"]
[BlackElo "1557"]
[PlyCount "93"]
[EventDate "2017.04.20"]

1. e4 c5 2. Nf3 e6 3. d4 cxd4 4. Nxd4 a6 5. Bd3 b5 6. O-O d6 7. a4 b4 8. Nd2
Bb7 9. Nc4 Nd7 10. Bd2 d5 11. exd5 Bxd5 12. Qe2 Ngf6 13. Bf4 Nb6 14. Ne5 Bxg2
15. Bb5+ axb5 16. Qxb5+ Nfd7 17. Kxg2 Bc5 18. Nb3 Bd6 19. Nxd7 Bxf4 20. Nxb6+
Kf8 21. Nxa8 Qh4 22. h3 f5 23. Qe2 Qg5+ 24. Kh1 Qh4 25. Qf3 e5 26. Nc5 Kf7 27.
Nd3 e4 28. Qxf4 Qxh3+ 29. Qh2 Qf3+ 30. Qg2 Qh5+ 31. Kg1 exd3 32. cxd3 Qe2 33.
Rfe1 Qxb2 34. Qd5+ Kg6 35. Re6+ Kg5 36. Qg2+ Kh5 37. Re3 Qxa1+ 38. Kh2 g5 39.
Qh3+ Kg6 40. Re6+ Kf7 41. Qxf5+ Kg7 42. Qxg5+ Kf7 43. Qe7+ Kg8 44. Re3 Qg7 45.
Rg3 Qxg3+ 46. fxg3 b3 47. Qe6+ 1-0

[Event "Ì13Ï"]
[Site "Loo"]
[Date "2017.04.26"]
[Round "7.19"]
[White "Ãîôìàí, Ëåâ."]
[Black "Èâàíîâ, Àðòåì."]
[Result "0-1"]
[WhiteElo "1528"]
[BlackElo "1832"]
[PlyCount "118"]
[EventDate "2017.04.20"]

1. e4 e5 2. Nf3 Nc6 3. d4 exd4 4. Nxd4 Nf6 5. Nxc6 bxc6 6. e5 Qe7 7. Qe2 Nd5 8.
c4 Nb6 9. b3 g6 10. g3 Bg7 11. Bb2 d5 12. Bg2 O-O 13. O-O Ba6 14. Nd2 Rfe8 15.
f4 Rad8 16. Rac1 f6 17. Nf3 dxc4 18. bxc4 Qc5+ 19. Qf2 Qxf2+ 20. Rxf2 Nxc4 21.
exf6 Nxb2 22. Rxb2 Bxf6 23. Ne5 Bxe5 24. fxe5 Rxe5 25. Rxc6 Rd1+ 26. Kf2 Rf5+
27. Bf3 Rf1+ 28. Kg2 Bd3 29. Rb8+ Kg7 30. Rxc7+ Kh6 31. Rbb7 R5xf3 32. Rxh7+
Kg5 33. h4+ Kf5 34. Rhf7+ Ke4 35. Rb4+ Ke3 36. Re7+ Kd2 37. Rb2+ Kc1 38. Rb3
R1f2+ 39. Kg1 Rf1+ 40. Kg2 R3f2+ 41. Kh3 Bc2 42. Rbe3 Rh1+ 43. Kg4 Rf5 44. Re1+
Bd1+ 45. Rxd1+ Rxd1 46. Rxa7 Rd4+ 47. Kh3 Rd3 48. Rg7 Rf6 49. Kg4 Rd5 50. a4
Kc2 51. Ra7 Rb6 52. a5 Rb4+ 53. Kh3 Ra4 54. a6 Kd3 55. Ra8 Rda5 56. g4 Rxa6 57.
Rd8+ Rd4 58. Rg8 Ra3 59. Rxg6 Ke4+ 0-1

[Event "Ì13Ï"]
[Site "Loo"]
[Date "2017.04.26"]
[Round "7.20"]
[White "Îñèïîâ, Àëåêñàíäð."]
[Black "Õàéðóëëèí, Àìèð."]
[Result "1/2-1/2"]
[WhiteElo "1855"]
[BlackElo "1518"]
[PlyCount "118"]
[EventDate "2017.04.20"]

1. d4 d5 2. c4 e6 3. Nc3 c5 4. Nf3 cxd4 5. Nxd4 dxc4 6. e4 Bc5 7. Be3 Nf6 8.
Nxe6 Qxd1+ 9. Rxd1 Bxe6 10. Bxc5 Nbd7 11. Ba3 O-O-O 12. Be2 Rhe8 13. f3 Ne5 14.
Nb5 Rxd1+ 15. Kxd1 Rd8+ 16. Kc2 a6 17. Nd6+ Kc7 18. Nf5 g6 19. Be7 gxf5 20.
Bxf6 Ng6 21. Bxd8+ Kxd8 22. g3 fxe4 23. fxe4 b5 24. a4 Ne5 25. axb5 axb5 26.
Ra1 Kc7 27. Ra8 Ng6 28. Kc3 Kb7 29. Re8 Kb6 30. Bh5 Kc5 31. Bxg6 hxg6 32. Rb8
Bh3 33. b3 cxb3 34. Kxb3 Bg2 35. e5 Kd4 36. Rxb5 Bd5+ 37. Kc2 Kxe5 38. Kd3 Ke6
39. Kd4 Bg2 40. Rb6+ Ke7 41. Ke5 Bf3 42. Ra6 Bg4 43. Ra7+ Bd7 44. Rxd7+ Kxd7
45. Kf6 Ke8 46. Kg7 Ke7 47. h4 Ke6 48. g4 f5 49. gxf5+ gxf5 50. h5 f4 51. h6 f3
52. h7 f2 53. h8=Q f1=Q 54. Qe8+ Kd5 55. Qd7+ Ke4 56. Qe6+ Kf3 57. Qf5+ Ke2 58.
Qe4+ Kf2 59. Qf4+ Ke2 1/2-1/2

[Event "Ì13Ï"]
[Site "Loo"]
[Date "2017.04.26"]
[Round "7.21"]
[White "Ãóõìàí, Ñåðãåé."]
[Black "Öûðåíäàøèåâ, Áàòî."]
[Result "0-1"]
[WhiteElo "1580"]
[BlackElo "1810"]
[PlyCount "68"]
[EventDate "2017.04.20"]

1. d4 d5 2. Nf3 Nf6 3. c4 e6 4. Nc3 dxc4 5. e3 c5 6. Bxc4 a6 7. a4 Nc6 8. O-O
Be7 9. Qe2 O-O 10. Rd1 Qc7 11. b3 Rd8 12. Bb2 Bd7 13. dxc5 Bxc5 14. e4 Ng4 15.
Kf1 Nxf2 16. Rd2 Ng4 17. g3 Nb4 18. Nd1 Bc6 19. Rxd8+ Rxd8 20. h3 Qxg3 21. hxg4
Bxe4 22. Qxe4 Rxd1+ 23. Ke2 Rxa1 24. Bxa1 Qg2+ 25. Ke1 Nc2+ 26. Kd1 Nxa1 27.
Ng5 Qg1+ 28. Ke2 Qf2+ 29. Kd1 Be3 30. Nf3 Nc2 31. Qxb7 Bc5 32. Qa8+ Bf8 33. Qe4
Ne3+ 34. Kc1 Ba3+ 0-1

[Event "Ì13Ï"]
[Site "Loo"]
[Date "2017.04.26"]
[Round "7.22"]
[White "Ðîìàíîâ, Ìàêñèì."]
[Black "Äåíèñîâ, Ìèõàèë."]
[Result "1-0"]
[WhiteElo "1700"]
[BlackElo "1423"]
[PlyCount "97"]
[EventDate "2017.04.20"]

1. e4 c5 2. Nf3 d6 3. d4 cxd4 4. Nxd4 Nf6 5. Nc3 a6 6. Bg5 e5 7. Bxf6 Qxf6 8.
Nd5 Qd8 9. Nf3 Be6 10. Bc4 Nd7 11. Ne3 Bxc4 12. Nxc4 Nc5 13. Qd5 Rc8 14. O-O b5
15. Ne3 Be7 16. Rad1 O-O 17. Rfe1 g6 18. c3 Re8 19. Nc2 Qc7 20. Qd2 Qb7 21. Qe2
a5 22. Na3 Rb8 23. Rd5 f5 24. Red1 fxe4 25. Ne1 Rf8 26. b4 axb4 27. cxb4 Nd3
28. Rxb5 Qa6 29. Rxb8 Rxb8 30. Nxd3 exd3 31. Rxd3 Rxb4 32. Qd1 Ra4 33. Qb3+ Kg7
34. Qe6 Rxa3 35. Qxe7+ Kh6 36. Qh4+ Kg7 37. Qe7+ Kh6 38. Qf8+ Kg5 39. h4+ Kxh4
40. Qh6+ Kg4 41. Qh3+ Kg5 42. Rxa3 Qc4 43. Rg3+ Kf6 44. Rf3+ Kg7 45. Qd7+ Kh6
46. Qe7 g5 47. Qf6+ Kh5 48. Rh3+ Kg4 49. f3# 1-0

[Event "Ì13Ï"]
[Site "Loo"]
[Date "2017.04.26"]
[Round "7.23"]
[White "Êóøíàðåíêî, Åãîð."]
[Black "Ñîáàøíèêîâ, Èâàí."]
[Result "0-1"]
[WhiteElo "1572"]
[BlackElo "1695"]
[PlyCount "76"]
[EventDate "2017.04.20"]

1. e4 c5 2. Nc3 Nc6 3. g3 g6 4. Bg2 Bg7 5. d3 d6 6. f4 Rb8 7. Nf3 b5 8. Be3 Nd4
9. Qd2 e6 10. O-O Ne7 11. Nd1 O-O 12. c3 Nxf3+ 13. Bxf3 Qc7 14. d4 c4 15. b4
Bb7 16. g4 f5 17. gxf5 gxf5 18. e5 dxe5 19. fxe5 Bxf3 20. Rxf3 Nd5 21. Bh6 f4
22. Bxg7 Qxg7+ 23. Kh1 Kh8 24. Nf2 Rg8 25. Nh3 Qg4 26. Qf2 Rbf8 27. Rg1 Qf5 28.
Rf1 Rg4 29. Qe2 Rfg8 30. R1f2 Qg6 31. Qe1 a6 32. a3 Rg7 33. Rf1 Ne3 34. R1f2
Qe4 35. Nxf4 Rxf4 36. Qxe3 Qxe3 37. Rxe3 Rxf2 38. Rg3 Rxg3 0-1